000 00431 a2200169 4500
001 61547
020 _a857263195x
040 _cAnchieta - Pituba
100 _aFonseca, Marcelo Monte Forte da
240 1 0 _aVestibulares resolvidos 2001
_lpor
245 1 0 _aVestibulares resolvidos 2001
300 _a117
362 0 _a2001
440 1 _aNúcleo
650 4 _a. Vestibulares / Exames de admissão em universidades
942 _cBK
999 _c61547
_d61547